Регионална библиотека "Любен Каравелов" - Русе

Сафо. | Вълните на морето на любовта (Запис номер 423830)

MARC детайли
000 -Лидер
Контролно поле с фиксирана дължина 01089nam a2200301 c 4500
003 - Код на организацията, давaща контролен номер
Контролно поле BLK
005 - Дата и час на последна редакция
Контролно поле 20210714132428.0
008 - Елементи от данни с фиксирана дължина
fixed length control field 180413b bul|||||r ||||||| ||bul||
010 ## - Наследен системен номер
LC control number KNG00025963000
040 ## - Източник на каталожния запис
Идентификатор на билиотеката - собственик на записа BLK
041 ## - Код за език
Код за езика на текст/звукозапис или на отделно заглавие Немски
Код за езика КДБФ Български
080 ## - УДК
Текстов определител УДК Немска литература
УДК код - определител по УДК 821.112.2
УДК определител -31
УДК - код + определител 821.112.2-31
100 ## - Редна дума - Автор
Автор Грилпарцер, Франц
Авторска отговорност първи автор
R(LIN) 1299
139 ## - Редно поле
Редна дума Грилпарцер, Франц
245 10 - Сведения за заглавието
Заглавие Сафо.
245 10 - Сведения за заглавието
Заглавие Вълните на морето на любовта
Редно поле (дума) Франц Грилпарцер, прев. Димитър Стоевски
257 ## - Страна на издаване
Страна на създаване/издаване Германия
260 ## - Област на издателските данни
Име на издателя, разпространителя и проч. Хемус
Година на издаване 1942
9 (RLIN) 209594
Място на издаване, разпространение и проч. София
Издателство - префикс ISBN 954-428-
300 ## - Физическа характеристика
Страници 290 с.
Размери/Мащаб 18 см
380 ## - Жанр
Жанр Худож. лит.
490 ## - СЕРИИ (Колекции)
9 (RLIN) 400655
Име на серия Библиотека на немския науч. институт
700 ## - Други автори (авторска отговорност)
Лично име Стоевски, Димитър
Автороска отговорност (Описва отношението между автора и произведението) прев.
9 (RLIN) 966
Друга информация Псевд. на Димчо Стоев Чолаков
Пълна форма на името Чолаков, Димчо Стоев
852 ## - Местоположение
Форматна сигнатура Цб 8.185.22438
999 ## - СИСТЕМНИ КОНТРОЛНИ НОМЕРА
Koha biblionumber 423830
Koha biblioitemnumber 423830
942 ## - АРТИКУЛИ
Вид на библиотечния материал Книги
Скрит в OPAC Не
Koha issues (borrowed), all copies 4
Периодичен библиозапис Да
944 ## - СЪЗДАВАНЕ И РЕДАКЦИЯ на ЗАПИСА
Създаване/Редакция Създаване
Дата на регистрацията/редакция 2021-07-14
Служител, извършил регистрацията/редакцията В. т.
999 ## - СИСТЕМНИ КОНТРОЛНИ НОМЕРА
Koha biblioitemnumber 423830
Наличности
Код за отписване Код за изгубен артикул Източник на класификационната схема Код за повреда Коз за рестрикции Код за отдаване Артикулен № Име на библиотеката - собственик Име на библиотеката, в която се намира в момента Статус (Текущо местоположение) Дата на вписване в системата Местоположение - отдел Цена в лева Инвентарен номер Систематично азбучна сигнатура Баркод Цена в евро Служебен тип на артикула
  Не е изгубен Universal Decimal Classification Не е повреден само за читалня ползва се в читалня 843095 Регионална библиотека "Любен Каравелов" Русе Регионална библиотека "Любен Каравелов" Русе Хранилище 2021-07-15 Основен фонд - ползва се само за читалня 0.26 22438 Цб 8.185.22438 900000069908 0.13 Книги
Vip Innovations Ltd, Rousse, Bulgaria 2025